Catálogo
 En Linea

Discours prononce le 24 de octobre 1956 a ciudad Trujillo par Me. Virgio Álvarez Sanchez, Secretaire d´etat des finances et president du conseil monetaire de la Republique Dominicaine, a l´inauguration solennelle de l´edifice de la Banque Centrale d´emission de la Republique / (Registro nro. 35512)

Detalles MARC
000 -CABECERA
campo de control de longitud fija 00713nam a2200145 a 4500
001 - NÚMERO DE CONTROL
campo de control 000036021
005 - FECHA Y HORA DE LA ÚLTIMA TRANSACCIÓN
campo de control 20200930074815.0
008 - DATOS DE LONGITUD FIJA--INFORMACIÓN GENERAL
campo de control de longitud fija 110523s1956 dr 000 | fre d
040 ## - FUENTE DE LA CATALOGACIÓN
Centro catalogador/agencia de origen DO-SdBNP
Lengua de catalogación fre
Centro/agencia transcriptor BNPHU
082 ## - NÚMERO DE LA CLASIFICACIÓN DECIMAL DEWEY
Número de clasificación xxx
Número de documento/Ítem D611
100 1# - ENTRADA PRINCIPAL--NOMBRE DE PERSONA
Nombre de persona Álvarez Sánchez, Virgio
9 (RLIN) 62063
245 10 - MENCIÓN DE TÍTULO
Título Discours prononce le 24 de octobre 1956 a ciudad Trujillo par Me. Virgio Álvarez Sanchez, Secretaire d´etat des finances et president du conseil monetaire de la Republique Dominicaine, a l´inauguration solennelle de l´edifice de la Banque Centrale d´emission de la Republique /
Mención de responsabilidad, etc. Virgio Álvarez Sánchez.
260 ## - PUBLICACIÓN, DISTRIBUCIÓN, ETC.
Lugar de publicación, distribución, etc. Ciudad Trujillo, República Dominicana :
Nombre del editor, distribuidor, etc. Editora del Caribe,
Fecha de publicación, distribución, etc. 1956.
300 ## - DESCRIPCIÓN FÍSICA
Extensión 12 p ;
Dimensiones 24 cm.
Existencias
Estado de retiro Estado de pérdida No para préstamo Código de colección Localización permanente Ubicación/localización actual Ubicación en estantería Fecha de adquisición Número de inventario Total de préstamos Signatura topográfica completa Código de barras Fecha visto por última vez Precio válido a partir de Tipo de ítem Koha
    Excluido de préstamo Patrimonio Dominicano Patrimonio Dominicano Patrimonio Dominicano En catalogación 23.11.2011 LF1   xxx D611 36021-10 25.06.2020 25.06.2020 Libro y Folleto Colección Patrimonio Dominicano

Con tecnología Koha